| 000 | 00470nam a22001697a 4500 | ||
|---|---|---|---|
| 005 | 20251108163334.0 | ||
| 008 | 250721s1990 xx 000 0 ara d | ||
| 082 | 1 | 4 | _a027.625/شرا |
| 100 | 1 | _aشرايحة، هيفاء خليل | |
| 245 | 1 | 0 | _aأدب الأطفال و مكتباتهم / |
| 250 | _aط3.، مزيدة و منقحة | ||
| 264 | 1 |
_aعمان : _c1990. |
|
| 300 | _a151 ص. | ||
| 650 | 1 | 7 | _aمكتبات الأطفال |
| 942 |
_2ddc _cBK |
||
| 999 |
_c175 _d175 |
||